000 00719nam a2200241Ia 4500
003 OSt
005 20220923211154.0
006 a|||||r|||| 00| 0
007 ta
008 Pun
020 _a8187654694 (hbk)
024 _a232,663
037 _cTextual
040 _aARTS
_cARTS
_bPun
041 _2Pun
_aPun
082 _aO153,3N09:g, P5
100 _aਕਰਨਜੀਤ ਸਿੰਘ, ਥਦ.
_9159123
245 0 _aਗਲਪਕਾਰ ਸੋਹਣ ਸਿੰਘ ਸੀਤਲ
260 _aਦਿੱਲੀ
_b ਮਨਪ੍ਰੀਤ ਪ੍ਰਕਾFਨ
_c2005
300 _a143ਪੰ
_ccm.
942 _hO153,3N09:g, P5
_cTEXL
_2CC
999 _c296319
_d296319